Quizzes
Events
Quiz Creation
Community
Videos
Private Events
Remove Ads
Sign In
Join for FREE
Feedback
Dark Mode
Quiz Categories
Sports
Geography
Music
Movies
Television
Just For Fun
Miscellaneous
History
Literature
Language
Science
Gaming
Entertainment
Religion
Holiday
For Kids
Quiz Lab
Recent
Popular Today
Quiz Kudos Today
Editor Picks
Curator Picks
Quizzes by...
Day
Popularity
Type
Ratings
Length
Year
Community
Subscriptions
Recent Discussions
Orange Saloon
Badges
Playlists
Quests
Create
Leaderboards
Showdown
Live 5
Trivia Bingo
Activity
Puzzle Library
Sporcle Events
Private Events
Virtual Trivia
Globe League
Become a Host
Pub Owners
SporcleCon
Opinionation
Our Games
Videos
Blog
Mobile Apps
Partnerships
Remove Ads and Go Orange
Feedback
Science
Computer
Plants
Astronomy
Chemistry
Elements
Math
Animal
Physics
Anatomy
Biology
Geology
General Science
Science
Computer
Plants
Astronomy
Chemistry
Elements
Math
Animal
Physics
Anatomy
Biology
Geology
General Science
Random Quiz
Search Sporcle
×
Quiz Lab
Quiz Lab
Science
Typing
Type in answers that appear in a list
Type in answers that appear in a list
Classic
Best Score? Go Orange.
Chemical Formulas Stats
Can you name the Chemical Formulas?
By
Ejd32
8m
20 Questions
237 Plays
237 Plays
237 Plays
Comments
Comments
Give Quiz Kudos
Give Quiz Kudos
-
- Ratings
hide this ad
Replay
Link that replays current quiz
Next Quiz
Link to next quiz in quiz playlist
You Got
0%
They Got
Avg Score
43%
Avg Friend Score
Upgrade to see
Score Distribution
Jump to the score distribution portion of the page
Score
0/20
Timer
08:00
0
Plays Today
Formula
Compound/Element
% Correct
H2O
Water
98.7%
CO2
Carbon Dioxide
94.1%
NH3
Ammonia
62.4%
HNO3
Nitric Acid
61.2%
MgOH
Magnesium Hydroxide
57.8%
XeOH
Xenon Hydroxide
54.4%
CuSO4
Copper Sulfate
52.3%
U(SO4)
Uranium Sulfate
41.4%
NaF4
Sodium Tetrafluoride
38.8%
HeF2
Helium Difluoride
38.4%
Formula
Compound/Element
% Correct
BrF3
Bromine Trifluoride
38.4%
N(Cl)
Nitrogen Chloride
38%
GaOH
Gallium Hydroxide
35.4%
ZnF3
Zinc Trifluoride
35%
BeOH
Beryllium Hydroxide
33.8%
CaF3
Calcium Trifluoride
24.9%
K(S3)
Potassium Sulfide
24.5%
U(Cl4)
Uranium Tetrachloride
23.2%
AlSO3
Aluminium Sulfide
14.8%
MnS4
Mangenese Sulfate
2.5%
Quiz Playlist
Details
Report
Send in Message
Add To Playlist
Classic:
Type in answers that appear in a list
Last Updated: Feb 16, 2017
Quiz Scoreboard
CHALLENGE
Sign Up to Join the Scoreboard
Show All
Scores
Hide
Comments
May contain spoilers
Recently Published
1-10 Letter E Words III
by El_Dandy
Language
2m
One Thing in Common: World Cities II
by knightlancer
Geography
7m
Popular People in 1961
by mucciniale
History
6m
More to Explore
Quiz From the Vault
Featured Blog Post
Where Did the Easter Bunny Come From?
hide this ad
You Might Also Like...
Tags
Typing Quiz
Quick
Today's Top Quizzes in Science
Browse Science
hide this ad
Today's Top Quizzes in Typing
Browse Typing
Top Contributed Quizzes in Science
1
Quick Pick: Radians
2
One Thing in Common: Science III
3
One Thing in Common: Science
4
Sporcle Puzzle Hunt: Science
5
One Thing in Common: Science II
6
Quick Pick: 'CI-CJ' Animals
7
Click the Parts of an Plant Cell
8
Elements In Images
9
Multiplication table 1-10
10
Square Numbers Scrambled (1-50)
Explore More
Trending Topics
NBA
Anime
Harry Potter
Marvel
Crossword
Disney
Kpop
Song
Country
WWE
NFL
The Office
Pokémon
Soccer
Puzzle
hide this ad
More By:
Ejd32
Quiz
Plays
Rating
Category
Featured
Created
Reading FC Players 10-11 by Surnames
314
2.67
Sports
Jan 14, 2011
Chemical Formulas
237
1.50
Science
Jan 16, 2011
Chemistry Quiz
80
1.00
Science
Jan 15, 2011
Chemical Elements Quiz
63
2.33
Science
Jan 15, 2011
Animal Groups
51
1.67
Science
Jan 15, 2011
Go to Creator's Profile
Score Distribution
Quiz Creator Spotlight
Ejd32
Follow
Send a Message
Quizzes Created
-
Created Quiz Play Count
-
More By This Creator
Popular Quizzes Today
1
Find the US States - No Outlines Minefield
2
The Countries of the World
3
Popular People in 1961
4
Find the Countries of Europe - No Outlines Minefield
5
1-10 Letter E Words III
6
Find the US States
7
One Thing in Common: World Cities II
8
US States
More Science Quizzes
Click the Convex Shapes!
Published
Trending Quizzes
1-10 Letter F Words
One Thing in Common: Music
1-10 Letter G Words
Risky Map Clicking: Next State Alphabetically
1-10 Letter F Words II
Recently Updated
Leaping Animals
pecheneg
Reality TV Shows (A-Z)
bhenderson79
Rickey Henderson's Hall of Fame Teammates
pecheneg
Champions League XIs: Arsenal
pecheneg
Quick Pick: Celebrities in WWE's Hall of Fame
aduchscher
A-Z Keypad Blitz II
pecheneg
Multiple Oscar Actors
pecheneg
Mystery Phrase Blitz: Oscar 'Best Actors'
pecheneg
F. Scott Fitzgerald Novels
LTH
Pick 3 Villains
ddd62291
Trending Topics
Anime
Disney
Kpop
NBA
Marvel
Harry Potter
Crossword
Country
Pokémon
Puzzle
Soccer
The Office
NFL
WWE
Song
Your Account Isn't Verified!
In order to create a playlist on Sporcle, you need to verify the email address you used during registration. Go to your
Sporcle Settings
to finish the process.
Report this User
Report this user for behavior that violates our
Community Guidelines
.
Details:
Send Report
Go to the Sporcle.com Mobile Site →
Comments